• 首页
  • 本馆介绍
  • 公告通知
  • 最新文献
  • 馆藏检索
  • 电子资源
  • 读者导购
  • 参考咨询
  • 我的图书馆
  • 登录
  • 详细信息显示
  • 放入我的书架
  • 预约/预借图书
  • 作者相关作品
  • 分类相关作品
  • 丛书相关作品
  • 出版社相关作品

书目信息

  • 表格格式
  • 工作单格式
  • 卡片格式
题名:
测量与地图
    
 
作者: ;吉林师大 编著
分册:  
出版信息: 北京   人民教育出版社  1978
页数: 236页
开本: 26cm
丛书名:
单 册:
中图分类: P22
科图分类:
主题词: 测量学--高等学校--教材 , 地图学--高等学校--教材 , 大地测量学
电子资源:
ISBN:
000 00692nam0 2200253 45
001 0178006177
005 20060820110330.68
010    @dCNY1.45
091    @a12012.03
100    @a19950726d1978 em y0chiy0121 ea
101 0  @achi
102    @aCN@b110000
105    @ay z 000yy
200 10 @a测量与地图@Ace liang yu di tu@f吉林师大等编著@Fji lin shi da deng bian zhu
210    @a北京@c人民教育出版社@d1978
215    @a236页@d26cm
300    @a高等学校试用教材
606    @a测量学@x高等学校@x教材
606    @a地图学@x高等学校@x教材
606 0  @a大地测量学
690    @aP22@v4
711  0 @a吉林师大@Aji lin shi da@4编著
801  0 @aCN@bTSSF@c20060820
905    @a10447@dP22@e1
    
    测量与地图/吉林师大等编著.-北京:人民教育出版社,1978
    236页;26cm
    高等学校试用教材
    
    ISBN :CNY1.45
    
●
相关链接 在E读中查询图书 在五车中查询图书 在当当中查询图书 在豆瓣中查询图书


正题名:测量与地图     索取号:P22/1         预约/预借

序号 登录号 条形码 馆藏地/架位号 状态 备注
1 0003915   202255139   密集书库/ [索取号:P22/1] 在馆    
2 0003916   202255095   密集书库/ [索取号:P22/1] 在馆    
3 0003919   202254728   密集书库/ [索取号:P22/1] 在馆    
4 0158720   202314450   密集书库/ [索取号:P22/1] 在馆    
5 0158721   202314441   密集书库/ [索取号:P22/1] 在馆    
6 0438333   204383336   密集书库/ [索取号:P22/1] 在馆    
7 0438334   204383345   密集书库/ [索取号:P22/1] 在馆    
8 0451622   204516229   密集书库/ [索取号:P22/1] 在馆    
9 0470338   204703384   密集书库/ [索取号:P22/1] 在馆    
10 0470408   204704089   密集书库/ [索取号:P22/1] 在馆    
唐山师范学院图书馆 欢迎您!
大连网信软件有限公司© 版权所有